000 00316nam a2200133Ia 4500
008 240624s9999 xx 000 0 und d
041 _aeng
082 _a338.5 MUK
100 _aMUKHERJEE SAMPAT
245 _aMICROECONOMICS
260 _c2002
_aNew Delhi
_bPrentice-Hall of India
300 _axiv, : 353
365 _cRS
999 _c350
_d350